| 000 | 00625cam a2200217 a 4500 | ||
|---|---|---|---|
| 001 | 1951341 | ||
| 005 | 20171218083720.0 | ||
| 008 | 871209r1988 nyu l 000 0 eng | ||
| 010 | _a 87035959 | ||
| 020 |
_a082406724X (set : alk. paper) : _c$150.00 |
||
| 040 |
_aDLC _cDLC _dDLC |
||
| 041 | _aeng | ||
| 043 | _an-us--- | ||
| 080 | _a346.73013 FIN | ||
| 082 | 0 | 0 |
_a346.73013 FIN _a347.30613 _219 |
| 100 | _a21 | ||
| 101 | _aGJL | ||
| 245 | 0 | 0 |
_aStatutes on slavery : _cedited with an introduction by Paul Finkelman. |
| 906 |
_a7 _bcbc _corignew _d1 _eocip _f19 _gy-gencatlg |
||
| 942 |
_2ddc _cBK |
||
| 999 |
_c39110 _d39110 |
||